Normal view
MARC view
- Enseñanza visual
Entry Materia
001 - NÚMERO DE CONTROL DEL REGISTRO
- campo de control: 7675
003 - IDENTIFICADOR DE NUMERO DE CONTROL
- campo de control: MX-MxUPN
005 - FECHA Y HORA DE LA ÚLTIMA TRANSACCIÓN
- campo de control: 20251204110113.0
008 - DATOS DE LONGITUD FIJA
- campo de control de longitud fija: 251204n| acnnnbabn | ana |d
035 ## - NÚMERO DE CONTROL DEL SISTEMA
- Número de control del sistema: UPN10000007680
040 ## - FUENTE DE LA CATALOGACIÓN
- Centro catalogador de origen: MX-MxUPN
- Lengua de catalogación: spa
- Agencia de transcripción: MX-MxUPN
150 ## - ENCABEZAMIENTO - TEMÁTICO
- Término de materia o nombre geográfico como elemento inicial: Enseñanza visual
670 ## - FUENTE EN LA QUE SE LOCALIZARON DATOS
- Cita de la fuente: R
902 ## - CATALOGADOR
- Catalogador: CAA/290796
